Orígen y decandencia del logos: Giorgio Colli y la afirmación del pensamiento trágico
Guardat en:
| Autor principal: | |
|---|---|
| Format: | Llibre |
| Idioma: | espanyol |
| Publicat: |
Barcelona
Anthropos
1993
|
| Col·lecció: | Autores, Textos y Temas. Filosofía, 43
|
| Matèries: | |
| Etiquetes: |
Afegir etiqueta
Sense etiquetes, Sigues el primer a etiquetar aquest registre!
|
MARC
| LEADER | 00000nam a2200000 a 4500 | ||
|---|---|---|---|
| 001 | UCY4873 | ||
| 003 | CL-VaPUC | ||
| 008 | 950404e19930000SP |||||||||||||||||spa|d | ||
| 082 | 0 | 4 | |a 141.5 |b ARA |2 21 |
| 100 | 0 | |a Aragay Tusell, Narcis |e author |9 333392 | |
| 245 | 1 | 0 | |a Orígen y decandencia del logos: Giorgio Colli y la afirmación del pensamiento trágico |
| 300 | |a 284 p | ||
| 942 | |c BK | ||
| 945 | |d 19950404 00:00:00 |a aalvarez | ||
| 260 | |a Barcelona |b Anthropos |c 1993 | ||
| 650 | 7 | |a LOGOS |2 CL-VaPUC |9 333393 | |
| 650 | 0 | |a Filosofía antigua |9 255705 | |
| 583 | |a last modification |c 19950404 00:00:00 |k Rodrigo Vera | ||
| 490 | 0 | |a Autores, Textos y Temas. Filosofía, 43 | |
| 999 | |c 232626 |d 232624 | ||
| 952 | |0 0 |1 0 |4 0 |6 141_500000000000000_ARA_1993 |7 0 |8 A |9 237374 |a BIBART |b BIBART |d 2019-11-15 |i 3073319 |o 141.5 ARA 1993 |p 3073319 |r 2025-03-13 |w 2019-11-15 |y BK |k ART | ||